| 000 | 01395 a2200325 4500 | ||
|---|---|---|---|
| 003 | Nust | ||
| 005 | 20220804135318.0 | ||
| 010 | _a 2008942518 | ||
| 020 | _a1848001908 (pbk.) | ||
| 020 | _a1848001940 (pbk.) | ||
| 020 | _a1848001959 (e-book) | ||
| 020 | _a9781848001909 (pbk.) | ||
| 020 | _a9781848001947 (pbk.) | ||
| 020 | _a9781848001954 (e-book) | ||
| 035 | _a(OCoLC)ocn262720240 | ||
| 040 | _cNust | ||
| 082 | 0 | 4 | _a621.367,BUR |
| 100 | 1 |
_aBurger, Wilhelm. _996541 |
|
| 245 | 1 | 0 |
_aPrinciples of digital image processing : _bcore algorithms / _cWilhelm Burger, Mark J. Burge. |
| 246 | 3 | _aCore algorithms | |
| 260 |
_aLondon : _bSpringer, _cc2009. |
||
| 300 |
_axii, 327 p. : _bill. ; _c24 cm. |
||
| 490 | 1 |
_aUndergraduate topics in computer science, _x1863-7310 |
|
| 505 | _aIntroduction (Page-1), Regions in Binary Images (Page-5), Detecting Simple Curves (Page-49), Corner Detection. (Page-69), Color Quantization (Page-85), Colorimetric Color Spaces (Page-97), Introduction to spectral techniques (Page-125), The Discrete Fourier Transform in 2D (Page-157), The Discrete Cosine Transform (DCT) (Page-183), Geometric Operations (Page-191), Comparing Images (Page-255) | ||
| 650 | 0 | _aComputer algorithms. | |
| 650 | 0 | _aTelecommunication Engineering | |
| 700 | 1 |
_aBurge, Mark. _996542 |
|
| 830 | 0 |
_aUndergraduate topics in computer science. _990536 |
|
| 942 |
_cREF _2ddc |
||
| 999 |
_c188478 _d188478 |
||